[Event "SPICE Cup Open 2018"]
[Site "St. Louis"]
[Date "2018.10.27"]
[Round "8"]
[White "Durarbayli, Vasif"]
[Black "Cori, Jorge"]
[Result "0-1"]
[WhiteElo "2629"]
[BlackElo "2664"]
[Annotator "TA"]
[PlyCount "110"]
[EventDate "2018.10.22"]
[EventType "swiss"]
[EventCountry "USA"]
[SourceTitle "playchess.com"]
[Source "ChessBase"]
[SourceQuality "1"]

{[%evp 19,110,22,40,25,13,23,88,98,91,110,147,139,147,114,177,182,175,185,264,255,309,263,356,216,204,124,126,137,136,116,189,182,144,154,111,68,64,68,94,45,47,47,71,43,94,97,97,-300,-298,-327,-328,-322,-308,-310,-291,-315,-302,-299,-289,-301,-295,-479,-464,-462,-503,-1080,-1053,-1150,-1098,-1911,-1998,-1897,-1731,-1853,-1647,-2411,-2054,-29974,-29975,-29974,-29973,-29976,-29977,-29977,-29978,-29978,-29979,-29979,-29980,-29980,-29981,-29981,-29982]} 1. e4 c5 2. Nf3 e6 3. d4 cxd4 4. Nxd4 Nc6 5. Nc3 Qc7 6. Be3 a6 7. Qf3 {B48: Sizilianisch (Paulsen-Variante)} Nf6 8. O-O-O d6 (8... Ne5 9. Qg3 b5 10. a3 Bb7 11. Bxb5 Rc8 12. Ba4 Nxe4 13. Nxe4 Bxe4 14. Bf4 Qc4 15. Bxe5 Qxa4 {1-0 (38) Vachier Lagrave,M (2789)-Anand,V (2776) Karlsruhe/Baden-Baden 2018}) 9. Nxc6 Qxc6 10. g4 {[%cal Bg2g4,Bg4g5,Bg5g6][%mdl 32]} b5 {LiveBook: 3 Partien. Droht ...b4.} 11. g5 Nd7 $1 12. a3 Bb7 (12... Nc5 $11) 13. Qh3 $146 ({Vorgänger:} 13. Qg3 Nc5 14. f3 Rc8 {½-½ (27) Kollars,D (2477)-Antipov,M (2584) Izmir 2016}) 13... Rc8 {[#]} 14. g6 $1 {[%mdl 512]} Nf6 (14... fxg6 15. Qxe6+) 15. Rg1 Qc7 16. Bd3 e5 (16... fxg6 $16 {war angesagt.} 17. Qxe6+ Qe7) 17. gxf7+ $1 $18 Qxf7 18. Nd5 Be7 (18... Qd7 $142 19. Nxf6+ gxf6) 19. f4 exf4 20. Bd4 Rf8 21. Nxf4 g5 22. Nd5 ({Keinesfalls} 22. Rxg5 $6 Nxe4 23. Rg4 Nc5 $16) 22... g4 23. Nxf6+ Bxf6 24. Qe3 Qg7 (24... Bxd4 $16 25. Qxd4 Qf2) 25. Bxf6 Rxf6 26. Kb1 Rc5 27. Be2 Qg5 $1 {[%cal Rg5e3]} 28. Qd4 $1 {Droht b4 und aus.} h5 29. b4 Re5 30. Bd3 Kf7 31. Rdf1 {zielt auf h4 ab.} Kg7 (31... Kg8 $14) 32. Rxf6 $16 Qxf6 {[#]} 33. Rf1 $2 {[%mdl 8192]} (33. h3 $1 $16 {bleibt auf Kurs.}) 33... Rf5 $1 $19 {[%cal Rf5f1]} 34. Qxf6+ Rxf6 {[%mdl 4096] Endspiel KTL-KTL} 35. Re1 Kh6 36. Re2 h4 {[%cal Bh5h4,Bh4h3][%mdl 32]} 37. Kc1 Kg5 38. e5 dxe5 39. Rxe5+ Kf4 40. Rh5 $2 (40. Re7 {einziger Zug.} Bf3 41. Rh7) 40... h3 41. Kd2 Be4 42. Rh8 (42. Be2 $142 Rd6+ 43. Bd3) 42... Bxd3 43. cxd3 {KT-KT} Kf3 44. Rg8 Rf4 ({Schwächer ist} 44... Kg2 45. Rxg4+ Kxh2 46. Ke2 $17) 45. Rg6 Kg2 46. Ke3 Rf3+ 47. Ke4 Kxh2 48. Rxg4 {[#]} Rg3 $1 {[%cal Rg3g4] Schwarz setzt Matt.} 49. Rh4 Kg2 50. d4 h2 51. Rxh2+ Kxh2 52. d5 Rxa3 53. d6 Ra1 54. Ke5 Rd1 55. Ke6 Kg3 {Precision: Weiß = 59%, Schwarz = 67%.} 0-1

[Event "SPICE Cup Open 2018"]
[Site "St. Louis"]
[Date "2018.10.27"]
[Round "8"]
[White "Prohaszka, Peter"]
[Black "Wang, Justin"]
[Result "1/2-1/2"]
[WhiteElo "2626"]
[BlackElo "2377"]
[Annotator "TA"]
[PlyCount "136"]
[EventDate "2018.10.22"]
[EventType "swiss"]
[EventCountry "USA"]
[SourceTitle "playchess.com"]
[Source "ChessBase"]
[SourceQuality "1"]

{[%evp 17,136,9,15,3,17,14,32,25,37,35,30,27,40,32,25,22,31,32,46,51,50,56,36,4,19,12,41,41,56,25,24,25,25,21,24,20,31,28,38,0,0,0,37,21,40,40,40,1,34,10,40,40,40,7,40,40,40,20,20,20,40,0,40,0,81,81,81,81,81,81,81,81,81,81,81,81,67,65,65,0,0,0,0,0,0,0,0,0,0,0,0,0,0,0,0,0,0,0,0,0,0,0,0,0,0,0,0,0,0,0,0,0,0,0,0,0,0,0,0,0,0]} 1. d4 Nf6 2. c4 e6 3. g3 d5 4. Bg2 Bb4+ 5. Nd2 O-O 6. Ngf3 b6 7. O-O Bb7 8. b3 {E16: Queen's Indian: 4 g3 Bb7 5 Bg2 Bb4+} Nbd7 9. Bb2 Re8 {LiveBook: 6 Games} 10. a3 $146 ({Predecessor:} 10. Rc1 a5 11. cxd5 exd5 12. Nb1 Bd6 13. Nc3 c6 14. Re1 h6 15. Nh4 Bb4 {1-0 (43) Ding,L (2777)-Le,Q (2737) Huaian 2017}) 10... Bd6 11. Ne5 Qe7 12. b4 Rab8 13. Nxd7 Qxd7 14. c5 bxc5 15. dxc5 Bf8 16. Nf3 c6 17. Rc1 Qc8 18. Re1 a5 19. Be5 Ra8 20. Qc2 Nd7 21. Bb2 axb4 22. axb4 f5 23. Ne5 Qc7 24. Nxd7 Qxd7 25. Be5 Ba6 26. Ra1 Qb7 27. Qb2 Bb5 28. f3 Rxa1 29. Rxa1 Ra8 30. Kf2 Bc4 31. Rxa8 Qxa8 32. Bf1 Qb7 33. h3 g6 34. Bf6 Kf7 35. Bc3 Be7 36. Bh8 Bf8 37. h4 Kg8 38. Bf6 Kf7 39. Bc3 Ke8 40. Qa1 Be7 (40... e5 $11) 41. Bd2 $16 Bf8 {[#]} 42. Qe5 $1 {[%cal Re5e6]} Qd7 43. Bc3 Bb5 44. Bh3 Qe7 45. Qh8 Kd7 46. Be5 {[#] Strongly threatening Bd6.} Qf7 47. e3 Ke8 48. Bf1 ({White should play} 48. Bd4 $14) 48... Bxf1 $11 {The position is equal.} 49. Kxf1 Qa7 50. Qf6 Qa4 51. Qxe6+ Be7 52. Bc3 Qd1+ 53. Be1 Qxf3+ 54. Bf2 Qd1+ 55. Kg2 {aiming for b5.} Qa4 $1 56. Qg8+ Kd7 57. Qxh7 Qxb4 58. Qxg6 Qe4+ 59. Kg1 Qb1+ 60. Kh2 Qc2 61. Kg2 Qe4+ 62. Kf1 Qd3+ 63. Kg1 Qb1+ 64. Kg2 Qe4+ 65. Kh2 Qc2 66. Kg1 Qb1+ 67. Kg2 Qe4+ 68. Kg1 Bf8 {Precision: White = 62%, Black = 52%.} 1/2-1/2

[Event "SPICE Cup Open 2018"]
[Site "St. Louis"]
[Date "2018.10.27"]
[Round "8"]
[White "Shimanov, Aleksandr"]
[Black "Liang, Awonder"]
[Result "0-1"]
[WhiteElo "2626"]
[BlackElo "2572"]
[Annotator "TA"]
[PlyCount "74"]
[EventDate "2018.10.22"]
[EventType "swiss"]
[EventCountry "USA"]
[SourceTitle "playchess.com"]
[Source "ChessBase"]
[SourceQuality "1"]

{[%evp 17,74,14,0,0,17,17,17,12,19,23,23,22,30,34,41,19,13,6,18,24,47,46,43,37,68,60,66,66,69,73,68,66,69,58,65,24,52,26,22,22,19,14,25,0,0,0,0,0,0,0,0,0,0,0,0,-22,0,-5289,-5273]} 1. e4 e5 2. Nf3 Nc6 3. Bc4 Bc5 4. c3 Nf6 5. d3 O-O 6. Bg5 h6 {C54: Italienische Partie (Hauptvariante)} 7. Bh4 Be7 8. Nbd2 d6 9. a4 Nh5 {LiveBook: 9 Partien} 10. g3 Nf6 11. Bxf6 $1 Bxf6 12. h4 Be6 $146 ({Vorgänger:} 12... Ne7 13. Nh2 d5 14. Bb3 {1-0 (47) Anand,V (2771)-Ragger,M (2686) Batumi 2018}) 13. Bxe6 fxe6 14. b4 {[%cal Bb2b4,Bb4b5][%mdl 32]} a5 15. b5 Nb8 16. Qb3 Qe7 17. O-O Nd7 18. d4 Kh8 19. Kg2 Qf7 20. Rae1 Be7 21. dxe5 Nxe5 22. Nxe5 dxe5 23. Qd1 Rad8 24. Qe2 $1 Bxh4 25. Nc4 $1 Be7 26. Nxe5 Qf6 27. Qh5 {[#] Droht Sg6+ und aus.} (27. Ng4 $5 {[%cal Rg4f6]} Qxc3 28. Rc1 $11) 27... Kh7 28. f4 Rd2+ 29. Re2 Rfd8 30. Kh3 Rxe2 31. Qxe2 Bd6 32. Nf3 $36 {[%mdl 2048] [#] Und weiter mit e5 wäre nett. Weiss hat gut koordiniertes Spiel.} Qxc3 33. Rd1 $1 Be7 34. Rxd8 Bxd8 35. e5 Kg8 36. Qe4 Qa1 {Droht stark ...Dh1+.} 37. g4 $2 {[%mdl 8192]} (37. Nh2 $11) 37... Qh1+ {Precision: Weiß = 62%, Schwarz = 70%.} 0-1

[Event "SPICE Cup Open 2018"]
[Site "St. Louis"]
[Date "2018.10.27"]
[Round "8"]
[White "Quesada Perez, Yuniesky"]
[Black "Bok, Benjamin"]
[Result "1/2-1/2"]
[WhiteElo "2622"]
[BlackElo "2639"]
[Annotator "TA"]
[PlyCount "114"]
[EventDate "2018.10.22"]
[EventType "swiss"]
[EventCountry "USA"]
[SourceTitle "playchess.com"]
[Source "ChessBase"]
[SourceQuality "1"]

{[%evp 14,114,30,1,8,0,8,18,29,15,23,10,13,0,16,9,19,10,13,24,27,30,43,42,23,33,33,35,46,2,8,0,-11,-19,0,0,21,0,17,0,0,0,0,0,9,5,8,0,0,0,0,0,0,0,24,24,23,26,27,33,25,17,21,7,7,7,7,15,21,23,23,7,7,7,7,7,12,7,7,7,17,17,18,0,0,0,0,0,0,0,0,0,0,0,0,0,0,0,0,0,0,0,0]} 1. e4 e5 2. Nf3 Nc6 3. Bb5 Nf6 4. d3 Bc5 5. Bxc6 dxc6 6. Nbd2 {C65: Ruy Lopez: Berlin Defence (3...Nf6), unusual lines and 4 0-0 Bc5} Be6 7. O-O Nd7 (7... Bd6 8. b3 O-O 9. Nc4 Bxc4 10. bxc4 Nd7 11. g3 b5 12. cxb5 cxb5 13. a4 a6 {½-½ (38) Giri,A (2782)-Aronian,L (2767) chess.com INT 2018}) 8. b3 {LiveBook: 6 Games. White has an edge.} O-O 9. Bb2 f6 10. d4 Bd6 11. Qe2 Bg4 $146 ({Predecessor:} 11... Qe7 12. Nc4 Bg4 13. Qe3 Rae8 14. Rfe1 Bb4 {½-½ (14) Libiszewski,F (2518)-Korneev,O (2609) La Roda 2013}) 12. Rfe1 exd4 13. Bxd4 Qe7 14. h3 Bh5 15. Qe3 Rfe8 16. Nh4 Rad8 17. Nc4 b6 18. Nf5 Qf8 $1 19. Ncxd6 cxd6 20. Qg3 Ne5 21. f4 Nd7 $1 22. Re3 (22. Qc3 {seems wilder.} Nc5 23. Ng3 Bg6 24. f5 Bf7 25. Rad1) 22... Bg6 23. Qg4 Bxf5 24. Qxf5 Qf7 25. Rae1 (25. Rd1 {looks sharper.} Nc5 26. Bxc5 bxc5 27. Qg4 d5 28. Ree1) 25... Qg6 26. Qg4 Qxg4 27. hxg4 Nf8 28. g3 Kf7 29. Kf2 c5 30. Bc3 d5 31. exd5 Rxe3 32. Rxe3 Rxd5 $11 {[%mdl 4096] Endgame KRB-KRN} 33. Kf3 h6 34. Rd3 Rxd3+ 35. cxd3 {KB-KN} Ke6 36. Ke4 Nd7 37. a3 a6 38. Bd2 Nb8 39. b4 {next f5+ is good for White.} Nc6 40. bxc5 bxc5 41. f5+ Kd7 $1 42. Be3 Ne5 $1 {The position is equal.} 43. Bxc5 Nxg4 44. d4 h5 45. d5 Ne5 46. Bb4 g5 {Strongly threatening ...h4.} 47. fxg6 Nxg6 48. Kf5 h4 $1 {[%cal Rh4h3]} 49. gxh4 ({Don't go for} 49. Kxg6 $2 h3 $19) 49... Nxh4+ 50. Kxf6 {Ke5 is the strong threat.} Ng2 51. Ke5 {And now Ke4 would win.} Ne3 52. d6 Nc4+ 53. Kd5 Nb6+ 54. Kd4 Kc6 55. Ke5 Nc4+ 56. Ke6 {[#] Threatening mate with d7.} Nxd6 57. Bxd6 Kb7 {Precision: White = 61%, Black = 69%.} 1/2-1/2

[Event "SPICE Cup Open 2018"]
[Site "St. Louis"]
[Date "2018.10.27"]
[Round "8"]
[White "Gledura, Benjamin"]
[Black "Nyzhnyk, Illya"]
[Result "0-1"]
[WhiteElo "2621"]
[BlackElo "2626"]
[Annotator "TA"]
[PlyCount "98"]
[EventDate "2018.10.22"]
[EventType "swiss"]
[EventCountry "USA"]
[SourceTitle "playchess.com"]
[Source "ChessBase"]
[SourceQuality "1"]

{[%evp 20,98,2,-9,29,0,0,0,0,-19,11,-20,12,-27,25,8,92,87,96,83,82,87,83,86,178,160,160,157,206,200,193,114,112,91,106,21,28,0,0,0,0,-167,-142,-160,-152,-158,-155,-162,-167,-131,-141,-134,-8,-8,-8,-8,-8,-8,-8,-54,-49,-51,-50,-155,-162,-159,-167,-172,-187,-525,-475,-667,-661,-945,-974,-29966,-29967,-29966,-29967,-29975,-29976]} 1. e4 e6 2. d4 d5 3. Nc3 Nf6 4. e5 Nfd7 5. f4 c5 6. Nf3 Nc6 7. Be3 a6 8. Qd2 Be7 9. Bd3 {C11: French: Classical System: 4 e5 and 4 Bg5 dxe4} (9. a3 b5 10. Bd3 Bb7 11. O-O O-O 12. Kh1 f5 13. Qf2 Rc8 14. Rg1 b4 15. axb4 Nxb4 16. g4 g6 17. gxf5 Nxd3 18. cxd3 Rxf5 {0-1 (40) Kasparov,G (2812)-Caruana,F (2807) Saint Louis 2017}) 9... b5 10. O-O b4 11. Nd1 {LiveBook: 4 Games. The position is equal.} a5 12. Qf2 $146 {[%cal Rd4c5]} ({Predecessor:} 12. c4 bxc3 13. Nxc3 Ba6 14. Bxa6 Rxa6 15. f5 cxd4 16. Nxd4 Ncxe5 17. fxe6 {1-0 (24) Pijpers,A (2475)-Stotyn,F (2187) Apeldoorn 2018}) 12... c4 13. Be2 a4 14. g4 Nb6 15. Qg2 Ba6 16. f5 Qd7 (16... Bc8 $142) 17. c3 $11 exf5 (17... O-O $11 {keeps the balance.}) 18. gxf5 $16 Qxf5 {[#]} 19. Nh4 $1 {[%cal Rh4f5][%mdl 512]} Qe4 (19... Bxh4 20. Rxf5) 20. Qxg7 O-O-O 21. Qg4+ $1 Kb8 (21... Qxg4+ $16 {is a better defense.} 22. Bxg4+ Kb8) 22. Qxe4 $1 $18 dxe4 23. Nf5 Nd5 24. a3 bxa3 25. Nxe7 (25. bxa3 $18 Rd7 26. Rb1+ Kc7 27. Nxe7 Rxe7 28. Kh1) 25... Ncxe7 $16 {[%cal Bc6e7,Be7f5,Bf5e3][%mdl 32]} 26. Rxa3 Bb5 27. Ra1 ({White should try} 27. Kf2 $16) 27... Rhg8+ $11 28. Kh1 Bd7 $1 29. Rxf7 {Hoping for Bg1.} Nf5 30. Bxc4 $2 (30. Rxd7 $1 $11 {and White stays safe.} Rxd7 31. Bxc4) 30... Nfxe3 31. Nxe3 Nxe3 32. Rxd7 Nxc4 33. Rxd8+ Rxd8 34. Rxa4 {[%mdl 4096] Endgame KRN-KR} Nd2 $1 35. Ra1 {[#]} Nf3 (35... h5 $1 $17 36. Re1 Nf3) 36. Kg2 Rf8 {Strongly threatening ...e3.} 37. e6 Kc7 38. e7 Re8 39. Kf2 Kb6 40. Ke3 Rxe7 41. h3 ({White should play} 41. Rf1 $15) 41... Nh4 $17 42. Rf1 Ng2+ 43. Ke2 {[#]} e3 $1 {[%cal Be4e3,Be3e2][%mdl 32]} 44. Rf5 $2 (44. c4) 44... Kc6 45. c4 (45. b3 $142 Kd6 46. b4) 45... Re4 $19 46. Rf6+ Kd7 47. Rf1 Nf4+ {Black mates.} 48. Kf3 e2 49. Re1 Rxd4 {Precision: White = 31%, Black = 55%.} 0-1

[Event "SPICE Cup Open 2018"]
[Site "St. Louis"]
[Date "2018.10.28"]
[Round "9"]
[White "Cori, Jorge"]
[Black "Lenderman, Aleksandr"]
[Result "1-0"]
[WhiteElo "2664"]
[BlackElo "2626"]
[Annotator "TA"]
[PlyCount "59"]
[EventDate "2018.10.22"]
[EventType "swiss"]
[EventCountry "USA"]
[SourceTitle "playchess.com"]
[Source "ChessBase"]
[SourceQuality "1"]

{[%evp 21,59,7,12,-29,-9,-8,0,-1,-3,-14,-8,-11,0,0,-9,0,0,0,0,0,0,-14,0,0,0,-14,16,9,188,183,236,246,243,248,237,229,328,325,340,336]} 1. d4 Nf6 2. Nf3 d5 3. c4 e6 4. Nc3 Bb4 5. e3 O-O 6. Qc2 b6 7. cxd5 exd5 8. Bd3 Bb7 9. O-O a6 {E52: Nimzoindisch (Moderne Variante)} 10. a3 Bd6 11. b4 Re8 {LiveBook: 5 Partien. Die Stellung ist ausgeglichen.} 12. b5 Bf8 $146 ({Vorgänger:} 12... c5 13. a4 axb5 14. Nxb5 Bf8 15. Ba3 Na6 16. Rfd1 c4 17. Be2 Bxa3 18. Rxa3 {0-1 (40) Laznicka,V (2683)-Vallejo Pons,F (2697) Istanbul 2012}) 13. Bb2 axb5 14. Bxb5 c6 15. Bd3 Ba6 16. Rfc1 Bxd3 17. Qxd3 Bd6 18. a4 Ne4 19. Qc2 Nxc3 20. Qxc3 Re6 21. h3 Bc7 22. Qb3 Nd7 23. Rc2 Rc8 24. Rac1 Bb8 $2 {[#]} (24... Nb8 $11) 25. Qxd5 $1 $18 {[%mdl 512]} cxd5 (25... Rd6 $142 26. Qb5 c5) 26. Rxc8 Re8 27. Rxd8 Rxd8 28. Rc6 f6 (28... Rf8 $142 29. Ba3 Re8) 29. Ne1 Kf7 30. Nd3 {Precision: Weiß = 77%, Schwarz = 42%.} 1-0

[Event "SPICE Cup Open 2018"]
[Site "St. Louis"]
[Date "2018.10.28"]
[Round "9"]
[White "Bok, Benjamin"]
[Black "Durarbayli, Vasif"]
[Result "1-0"]
[WhiteElo "2639"]
[BlackElo "2629"]
[Annotator "TA"]
[PlyCount "129"]
[EventDate "2018.10.22"]
[EventType "swiss"]
[EventCountry "USA"]
[SourceTitle "playchess.com"]
[Source "ChessBase"]
[SourceQuality "1"]

{[%evp 18,129,37,30,31,28,43,41,34,29,14,29,33,12,56,59,66,54,127,130,141,129,247,231,238,208,206,200,206,209,215,212,202,177,224,210,229,225,481,531,530,520,506,499,592,590,587,549,618,611,603,593,662,650,636,623,663,663,649,635,793,781,994,854,1189,0,622,0,1094,1067,1065,1025,1171,901,1170,1171,1138,1159,1106,1033,962,950,858,870,765,728,728,536,474,458,470,457,460,450,430,428,413,354,328,312,347,339,506,506,531,474,475,418,29979,29979,29997,29991,29998,29992]} 1. Nf3 Nf6 2. c4 c5 3. Nc3 e6 4. g3 b6 5. Bg2 Bb7 6. O-O Be7 7. Re1 d5 8. cxd5 exd5 9. d4 O-O 10. b3 {LiveBook: 22 Games} Nc6 {E17: Queen's Indian: 4 g3 Bb7 5 Bg2 Be7} (10... Na6 11. Bb2 Nc7 12. Rc1 Ne6 13. e3 Re8 14. Re2 Bf8 15. Rd2 Qe7 16. Nh4 g6 17. dxc5 bxc5 18. Nxd5 Nxd5 19. Bxd5 {1-0 (35) Ding,L (2766)-Tomashevsky,E (2728) Huaian 2016}) 11. Bb2 Re8 12. Rc1 cxd4 {White is slightly better.} 13. Nxd4 Nxd4 14. Qxd4 Bc5 15. Qf4 Re6 $146 ({Predecessor:} 15... Bc6 16. e3 Qd7 17. Ne2 Bd6 18. Qh4 Ne4 19. Nd4 {1-0 (62) Schulz,W-Sadov,S Winnipeg 1998}) 16. Nb5 Ne4 17. e3 Qd7 (17... Rc8 $14) 18. Bh3 $1 $16 {Nc7 is the strong threat.} Rf8 ({Wrong is} 18... Qxb5 $2 19. Bxe6 Qe8 20. Bf5 $18) 19. Nd4 ({Stronger than} 19. Nxa7 Ba8 $11) 19... Bd6 (19... Qe7 $16) 20. Qf5 $40 {[%mdl 128] Black is in trouble.} Rfe8 {and the idea ...g6 leaves Black hopeful.} 21. Nxe6 fxe6 {[#]} 22. Qh5 $1 Rf8 23. Rc2 Nc5 24. Bd4 Qe7 25. Rd1 g6 26. Qg4 {Threatens to win with Bxc5.} Bc8 {Black wants to play ...e5.} 27. Bxc5 Bxc5 $2 {[#]} (27... bxc5 28. Qe2 Kg7) 28. b4 $1 $18 e5 (28... Bxb4 29. Rxc8) 29. Qxc8 Rxc8 30. Bxc8 Bxb4 31. Rxd5 Qf6 32. Rd7 Bc5 33. Rcd2 Bb4 34. Rd1 Qf3 35. Bb7 Qe2 36. Bd5+ Kh8 37. Bb3 Be1 38. Rf7 {[%cal Rd1d8]} Bd2 39. h4 a5 40. Rd7 Be1 41. Rf7 {[%cal Rd1d8]} Bd2 42. Rd7 (42. Rf8+ $142 Kg7 43. Rd8 Bxe3 44. fxe3 Qxe3+ 45. Kg2 Qe4+ 46. Kh2) 42... Be1 {[#]} 43. Rd8+ $1 Kg7 44. R1d7+ Kh6 45. Rf8 {And now Bg8 would win.} Bxf2+ 46. Rxf2 Qg4 47. Rff7 {[%csl Gd7][%cal Rf7h7]} Qxg3+ 48. Kf1 {[%csl Gd7][%cal Rf7h7]} Qh3+ 49. Ke2 {[%csl Gd7][%cal Rf7h7]} Qg2+ 50. Kd3 {[%csl Gd7][%cal Rf7h7]} Kh5 51. Rxh7+ Kg4 {[#]} 52. h5 $1 Qf1+ (52... gxh5 53. Rdg7+) 53. Ke4 Qf3+ 54. Kxe5 {Strongly threatening Bd1.} Qxe3+ 55. Kd6 Qc5+ 56. Ke6 gxh5 {intending ...Qf5+.} 57. Rdf7 Qc6+ 58. Ke5 {Threatening mate with Rhg7+.} Qc3+ 59. Kd6 Qd4+ (59... Kg5 $142 60. Be6 Kg6) 60. Kc6 Kh4 61. Rfg7 Qc5+ 62. Kb7 b5 (62... Qf5 $18 63. Rd7 Kh3) 63. Be6 {White mates.} Qe5 64. Rg4+ Kh3 65. Re4+ {Precision: White = 86%, Black = 47%.} 1-0

[Event "SPICE Cup Open 2018"]
[Site "St. Louis"]
[Date "2018.10.28"]
[Round "9"]
[White "Gledura, Benjamin"]
[Black "Bruzon Batista, Lazaro"]
[Result "1/2-1/2"]
[WhiteElo "2621"]
[BlackElo "2653"]
[Annotator "TA"]
[PlyCount "37"]
[EventDate "2018.10.22"]
[EventType "swiss"]
[EventCountry "USA"]
[SourceTitle "playchess.com"]
[Source "ChessBase"]
[SourceQuality "1"]

{[%evp 21,22,-8,-13]} 1. Nf3 Nf6 2. c4 e6 3. g3 d5 4. Bg2 Be7 5. d4 O-O 6. O-O dxc4 7. Qc2 a6 8. a4 c5 9. dxc5 Bxc5 10. Qxc4 Nbd7 11. Nc3 {E05: Open Catalan: 5 Nf3 Be7} b5 {LiveBook: 5 Games} {Predecessor:} 12. Qd3 $146 b4 13. Ne4 Bb7 14. Nxc5 Nxc5 15. Qc4 Qa5 16. Bd2 Nd5 17. e4 Nb6 18. Qxb4 Qxb4 19. Bxb4 {1-0 (61) Pogonina,N (2466)-Vasilevich,T (2360) Sochi 2017} 1/2-1/2

[Event "SPICE Cup Open 2018"]
[Site "St. Louis"]
[Date "2018.10.28"]
[Round "9"]
[White "Wang, Kevin"]
[Black "Shimanov, Aleksandr"]
[Result "0-1"]
[WhiteElo "2447"]
[BlackElo "2626"]
[Annotator "TA"]
[PlyCount "106"]
[EventDate "2018.10.22"]
[EventType "swiss"]
[EventCountry "USA"]
[SourceTitle "playchess.com"]
[Source "ChessBase"]
[SourceQuality "1"]

{[%evp 26,106,27,28,42,39,29,0,10,8,9,-1,6,-10,12,-24,24,-9,-7,-12,6,0,0,0,0,0,0,0,0,0,0,-87,-89,-83,-70,-106,-122,-113,-42,-114,-112,-149,-154,-268,-180,-298,-169,-251,-250,-240,-244,-250,-247,-248,-214,-263,-187,-271,-270,-317,-298,-310,-308,-388,-374,-360,-284,-913,-800,-779,-729,-675,0,-449,0,-668,-621,-1287,-1167,-1025,-831,-29978,-29978]} 1. e4 c6 2. d4 d5 3. exd5 cxd5 4. Bd3 Nc6 5. c3 Nf6 6. Bf4 Bg4 7. Qb3 Qd7 8. Nd2 e6 9. Ngf3 Bd6 10. Bxd6 Qxd6 11. O-O O-O 12. Rae1 Bxf3 13. Nxf3 Qc7 {B13: Caro-Kann: Exchange Variation and Panov-Botvinnik Attack} 14. Qc2 {LiveBook: 3 Games} g6 (14... Rac8 15. Qe2 a6 16. g3 b5 17. a3 Rfe8 18. Kg2 Rb8 19. h4 h6 20. Rh1 Nd7 21. Bb1 {0-1 (51) Kovalev,V (2636)-Riazantsev,A (2666) Sochi 2017}) 15. Qd2 Kg7 {White is slightly better.} 16. Ne5 (16. Rb1 {keeps more tension.} h6 17. Rfe1 Rae8 18. g3 Rc8 19. Kg2) 16... Nxe5 17. dxe5 Nd7 18. f4 $146 ({Predecessor:} 18. Qf4 Kg8 19. Qg5 Qd8 20. Qh6 {½-½ (20) Nakamura,H (2452)-Doettling,F (2518) Boston 2001}) 18... Rae8 19. Kh1 a6 20. Bc2 b5 21. Rf3 h5 22. Rg3 Nc5 23. Qe2 Rh8 24. b4 Nd7 25. a4 h4 26. Rh3 bxa4 27. Bxa4 Ra8 28. Ra1 (28. Qf2 $11 {keeps the balance.}) 28... a5 $1 $17 {[%cal Ba6a5,Ba5b4][%mdl 32] And now ...axb4 would win.} 29. Bxd7 {[#] aiming for Ba4.} axb4 $1 30. Rc1 Qxd7 31. cxb4 Rhc8 $40 {[%mdl 128] Black attacks.} (31... Rac8 $17 32. Rb1 Rc4) 32. Rb1 ({White should play} 32. Rg1 $15) 32... Rc4 33. Qe1 Qe7 ({Don't take} 33... Rxf4 34. Rxh4 Rxh4 35. Qxh4 $15) 34. Rhb3 (34. Rxh4 $17 {is a better defense.} Rxb4 35. Rd1 (35. Rxb4 $2 {loses.} Qxb4 36. Qd1 Qb2 $19)) 34... Rxf4 35. b5 (35. h3 $142) 35... Qg5 (35... Ra2 $142 {Hoping for ...Qg5.} 36. Qe3 Qg5) 36. R3b2 (36. h3 $142) 36... Re4 $19 37. Qf2 Qxe5 38. b6 Rb8 39. b7 Rc4 40. h3 Qg3 41. Qb6 (41. Qd2 $142) 41... Qc7 42. Qe3 d4 43. Qd2 e5 {[%cal Be6e5,Be5e4,Be4e3][%mdl 32]} 44. Kg1 e4 {White must now prevent ...e3.} 45. Rb4 e3 46. Qd3 $2 (46. Rxc4 Qxc4 47. Qa5) 46... Rxb4 47. Rxb4 {[%mdl 4096] Endgame KQR-KQR} Qc1+ 48. Kh2 Qc7+ 49. Kg1 $1 Qc1+ (49... Qc5 $142 50. Rc4 Qe5 51. Qxd4 Qxd4 52. Rxd4 Rxb7) 50. Kh2 {[#]} Qc5 $1 {[%cal Rc5b4]} 51. Qxd4+ Qxd4 52. Rxd4 Rxb7 53. Rxh4 Re7 {Precision: White = 26%, Black = 59%.} 0-1